Normal view
MARC view
- MECHANICAL ENGINEERING.FLUID DYNAMICS.THERMODYNAMICS.SOLID MECHANICS.ELECTROMECHANICAL DRIVE SYSTEMS.FEEDBACK AND CONTROL THEORY.STRUCTURAL VIBRATION
Entry Topical Term
001 - CONTROL NUMBER
- control field: 69143
003 - CONTROL NUMBER IDENTIFIER
- control field: NUST
005 - DATE AND TIME OF LATEST TRANSACTION
- control field: 20210628204158.0
008 - FIXED-LENGTH DATA ELEMENTS
- fixed length control field: 210628|| aca||aabn | a|a d
040 ## - CATALOGING SOURCE
- Original cataloging agency: NUST
- Transcribing agency: NUST
150 ## - HEADING--TOPICAL TERM
- Topical term or geographic name entry element: MECHANICAL ENGINEERING.FLUID DYNAMICS.THERMODYNAMICS.SOLID MECHANICS.ELECTROMECHANICAL DRIVE SYSTEMS.FEEDBACK AND CONTROL THEORY.STRUCTURAL VIBRATION
670 ## - SOURCE DATA FOUND
- Source citation: Work cat.: (NUST): Clifford, Michael, Brooks, Richard, Choi, Kwing-So 69142, An introduciton to mechanical engineering-part-2, 2010
